| 000 | 00762nam a22002057a 4500 | ||
|---|---|---|---|
| 003 | BUBTL | ||
| 008 | 230403b ||||| |||| 00| 0 eng d | ||
| 020 | _a9848430016 | ||
| 082 | _a346.0438/ D351l/ 2009 | ||
| 100 |
_95283 _aদেবনাথ, শ্রী দীনেশ চন্দ্র |
||
| 245 |
_aভূমি আইন : _bশ্রী দীনেশ চন্দ্র দেবনাথ |
||
| 250 | _a৮ম সং | ||
| 260 |
_aঢাকা _bকামরুল বুক হাউজ _cc2009 |
||
| 300 |
_a126p. : _b21 cm. |
||
| 650 | 0 |
_92102 _aLaw |
|
| 700 |
_95282 _aশ্রী দীনেশ চন্দ্র দেবনাথ |
||
| 856 |
_k0 _l0 _yDownload |
||
| 942 |
_2ddc _cBK |
||
| 999 |
_c7015 _d7015 |
||